000 00809nam a2200205 a 4500
003 0
005 20250311133637.0
008 080730s19uu xx 00 eng d
050 _aPGS HV 4708.A93
_b.D276 2008
100 _aDayupay, Charmaine.
245 _aLevel of awareness among grade 6 private and public school students on animal welfare rights /
_cCharmaine Dayupay.
260 _aLas PiƱas City, Philippines :
_bSouthville International School and Colleges,
_c2008.
300 _a34 pages :
_billustrations ;
_c28 cm.
504 _aIncludes bibliographical references.
650 _aAnimal welfare
_vStudy and teaching
650 _aAnimal rights
_vPublic opinion.
650 _aStudents
_vKnowledge and attitudes.
650 _aEducation
_vMoral and ethical aspects.
942 _2lcc
_cPASS
999 _c97991
_d97991